<?xml version="1.0" encoding="UTF-8"?>
<marc:record xmlns:marc="http://www.loc.gov/MARC21/slim">
   <marc:leader>00000nam a2200000 a 4500</marc:leader>
   <marc:datafield ind1="1" ind2=" " tag="100">
      <marc:subfield code="a">Pauen, Michael</marc:subfield>
      <marc:subfield code="4">aut</marc:subfield>
      <marc:subfield code="e">Verfasser/-in</marc:subfield>
   </marc:datafield>
   <marc:datafield ind1="1" ind2=" " tag="100">
      <marc:subfield code="a">Welzer, Harald</marc:subfield>
      <marc:subfield code="4">aut</marc:subfield>
      <marc:subfield code="e">Verfasser/-in</marc:subfield>
   </marc:datafield>
   <marc:datafield ind1=" " ind2=" " tag="653">
      <marc:subfield code="a">Autonomie</marc:subfield>
   </marc:datafield>
   <marc:datafield ind1=" " ind2=" " tag="653">
      <marc:subfield code="a">Selbstbestimmung</marc:subfield>
   </marc:datafield>
   <marc:datafield ind1=" " ind2=" " tag="653">
      <marc:subfield code="a">Entscheidungsfreiheit</marc:subfield>
   </marc:datafield>
   <marc:datafield ind1=" " ind2=" " tag="653">
      <marc:subfield code="a">Softcover / Sachbücher/Politik</marc:subfield>
   </marc:datafield>
   <marc:datafield ind1=" " ind2=" " tag="653">
      <marc:subfield code="a">Gesellschaft</marc:subfield>
   </marc:datafield>
   <marc:datafield ind1=" " ind2=" " tag="653">
      <marc:subfield code="a">Wirtschaft</marc:subfield>
   </marc:datafield>
   <marc:datafield ind1="0" ind2="0" tag="245">
      <marc:subfield code="a">Autonomie</marc:subfield>
   </marc:datafield>
   <marc:datafield ind1="0" ind2="0" tag="245">
      <marc:subfield code="b">eine Verteidigung</marc:subfield>
   </marc:datafield>
   <marc:datafield ind1="0" ind2="0" tag="245">
      <marc:subfield code="c">Michael Pauen ; Harald Welzer</marc:subfield>
   </marc:datafield>
   <marc:datafield ind1=" " ind2="1" tag="264">
      <marc:subfield code="b">S. Fischer</marc:subfield>
      <marc:subfield code="c">2015</marc:subfield>
   </marc:datafield>
   <marc:datafield ind1="1" ind2=" " tag="520">
      <marc:subfield code="a">Angaben aus der Verlagsmeldung

Autonomie : Eine Verteidigung / von Michael Pauen, Harald Welzer

Was tun gegen den Zwang zur Anpassung?

Autonomie gilt als zentrale Eigenschaft des Menschen. Doch sie gerät von vielen Seiten unter Beschuss: Die Neurowissenschaft erklärt, der Wille sei nicht frei, die Sozialpsychologie zeigt in ihren Experimenten ebenso wie Shitstorms im Internet, wie mächtig der Anpassungsdruck ist. Die Auswirkungen sind beträchtlich, wenn unsere Autonomie in Gefahr ist.

Harald Welzer und Michael Pauen analysieren die Situation auf Grundlage eigener Experimente und Forschungen, um Möglichkeiten der Gegenwehr sichtbar zu machen: Wie können Gemeinschaften so gestaltet werden, dass Konformitätszwänge gering bleiben? Gleichzeitig zeigen sie, dass es wirksame Gegenstrategien nur auf der sozialen Ebene geben kann – solange wichtige Freiheitsspielräume noch bestehen. Die Zeit drängt.
</marc:subfield>
   </marc:datafield>
   <marc:datafield ind1=" " ind2=" " tag="020">
      <marc:subfield code="a">9783100022509</marc:subfield>
      <marc:subfield code="9">9783100022509</marc:subfield>
   </marc:datafield>
   <marc:datafield ind1=" " ind2=" " tag="020">
      <marc:subfield code="a">3100022505</marc:subfield>
      <marc:subfield code="9">3100022505</marc:subfield>
   </marc:datafield>
   <marc:datafield ind1=" " ind2=" " tag="300">
      <marc:subfield code="a">327 S.</marc:subfield>
   </marc:datafield>
</marc:record>
